000 00466nam a2200181Ia 4500
005 20250508154844.0
008 008 250505s9999 xx 000 0 eng d
037 _aTextual
040 _aFEDL
_beng
_cFEDL
041 _aeng
_2eng
084 _aF, TAG
_qFEDL
100 _aTagore Rabindranath
245 0 _aChaturanga
260 _aNew Delhi, India
_bSahitya Akademi
_c1967
300 _a99p.
942 _cTEXL
_hF, TAG
999 _c1352472
_d1352472